书目信息 |
| 题名: |
电控汽车故障诊断与维修
|
|
| 作者: | 凌永成 , 李雪飞 主编 | |
| 分册: | ||
| 出版信息: | 北京 人民邮电出版社 2004.02 |
|
| 页数: | 566页 | |
| 开本: | 26cm | |
| 丛书名: | ||
| 单 册: | ||
| 中图分类: | U472.41 | |
| 科图分类: | ||
| 主题词: | 汽车--电子系统: 控制系统--故障诊断 , 汽车--电子系统: 控制系统--车辆修理 , 电子系统 , 故障诊断 , 车辆修理 | |
| 电子资源: | ||
| ISBN: | 7-115-11979-1 | |
| 000 | 00807nam0 2200265 45 | |
| 001 | 012004000000 | |
| 005 | 20041026104348.65 | |
| 010 | @a7-115-11979-1@dCNY 45.00 | |
| 100 | @a20040910d2004 em y0chiy0121 ea | |
| 101 | 0 | @achi |
| 102 | @aCN@b110000 | |
| 105 | @aak z 000yy | |
| 200 | 1 | @a电控汽车故障诊断与维修@Adian kong qi che gu zhang zhen duan yu wei xiu@f凌永成, 李雪飞主编 |
| 210 | @a北京@c人民邮电出版社@d2004.02 | |
| 215 | @a566页@c图, 表格@d26cm | |
| 606 | 0 | @a汽车@x电子系统: 控制系统@x故障诊断 |
| 606 | 0 | @a汽车@x电子系统: 控制系统@x车辆修理 |
| 606 | 0 | @a电子系统 |
| 606 | 0 | @a故障诊断 |
| 606 | 0 | @a车辆修理 |
| 690 | @aU472.41@v4 | |
| 701 | 0 | @a凌永成@Aling yong cheng@4主编 |
| 701 | 0 | @a李雪飞@Ali xue fei@4主编 |
| 801 | 0 | @aCN@bQSSKt@c20041026 |
| 905 | @a10447@dU472.41@eL566 | |
| 电控汽车故障诊断与维修/凌永成, 李雪飞主编.-北京:人民邮电出版社,2004.02 |
| 566页:图, 表格;26cm |
| ISBN 7-115-11979-1:CNY 45.00 |
| ● |
| 相关链接 |
|
|
|
正题名:电控汽车故障诊断与维修
索取号:U472.41/L566
 
预约/预借
| 序号 | 登录号 | 条形码 | 馆藏地/架位号 | 状态 | 备注 |
| 1 | 421772 | 204217720 | 自科库501/501自科库 57排5列4层/ [索取号:U472.41/L566] | 在馆 | |
| 2 | 421773 | 204217739 | 自科库501/501自科库 57排5列4层/ [索取号:U472.41/L566] | 在馆 | |
| 3 | 422801 | 204228013 | 自科库501/501自科库 57排5列4层/ [索取号:U472.41/L566] | 在馆 |